000 01055cab a2200289 4500
001 ABS55699
008 090401t1996 xxu||||| |||| 00| 0 eng d
035 _a(Sirsi) u18150
041 _aeng
100 _aMarfleet, T.
245 _aHouse prices and affordability
260 _c1996
350 _a0
490 _aHousing Finance
_v(31) August 1996, 6-16(11)
520 _aAnalyses factors to take account of when considering affordability including house price to earnings ratios, house price to income and repayment too income ratios. Statistical appendix includes TSB Affordability Index, relationship between house prices, retail prices and earnings.
650 _aAFFORDABILITY
650 _aHOUSE PRICE TO EARNING RATIOS
650 _aHOUSE PRICE TO INCOME RATIOS
650 _aHOUSE PRICES
650 _aMIRAS
650 _aREPAYMENT TO INCOME RATIOS
650 _aTSB AFFORDABILITY INDEX
690 _aPROPERTY-RESIDENTIAL PROPERTY-RESIDENTIAL PROPERTY MARKET
700 _aPannell, B.
942 _n0
948 _c04/03/1997
999 _c12039
_d12039